00748nam a2200193 a 450000100060000000300090000600800410001502000150005604000280007108200180009910000710011724500630018826000470025130000120029849000230031050501270033365000510046065000430051119915CO-ViMGA141112s2004 ck r 000 u spa d a9588052475 aCO-ViMGAbspacCO-ViMGA04aCo863.44 L4731 aJaramillo, Maria Mercedes; Osorio, Betty; Robledo, Ángela, Comp.10aLiteratura y Cultura : bNarrativa colombiana del siglo XX aBogotá : bMinisterio de Cultura, c2002 a3 Vols. aBeca de Excelencia aVol. 1 : La nación moderna. identidad Vol. 2 : Diseminación, cambios, desplazamientos. Vol. 3 : Hibridez y alteridades14aNOVELA COLOMBIANA - ENSAYOS, CONFERENCIAS, ETC14aNOVELA COLOMBIANA - HISTORIA Y CRITICA